[Event "AJEC Gr07 email"]
[Site "France"]
[Date "2000.??.??"]
[Round "?"]
[White "Foubert, Frederic"]
[Black "Descombe, Claude"]
[Result "0-1"]
[WhiteElo "1920"]
[BlackElo "1806"]
[PlyCount "36"]
[EventDate "2000.03.20"]
[EventType "tourn (corr)"]
[EventRounds "10"]
[EventCountry "FRA"]
[SourceTitle "Corr 2004"]
[Source "ChessBase"]
[SourceDate "2003.04.28"]
[SourceVersion "3"]
[SourceVersionDate "2003.04.28"]
[SourceQuality "1"]

1. e4 c6 2. d4 d5 3. Nc3 h6 4. e5 Bf5 5. g4 Bh7 6. e6 fxe6 7. Bd3 g6 8. Nge2 Kd7 9. Nf4 Qe8 10. Qe2 Qf7 11. 0-0 Bg7 12. Re1 Bxd4 13. Nxe6 Bb6 14. Na4 Bxf2+ 15. Qxf2 Qxf2+ 16. Kxf2 g5 17. Bxh7 Nf6 18. Bf5 Kd6 0-1

[Event "AJEC Gr07 email"]
[Site "France"]
[Date "2000.??.??"]
[Round "?"]
[White "Foubert, Frederic"]
[Black "Pourtier, Rene"]
[Result "0-1"]
[WhiteElo "1920"]
[BlackElo "1850"]
[PlyCount "42"]
[EventDate "2000.03.20"]
[EventType "tourn (corr)"]
[EventRounds "10"]
[EventCountry "FRA"]
[SourceTitle "Corr 2004"]
[Source "ChessBase"]
[SourceDate "2003.04.28"]
[SourceVersion "3"]
[SourceVersionDate "2003.04.28"]
[SourceQuality "1"]

1. e4 c5 2. Nf3 d6 3. d4 cxd4 4. Nxd4 Nf6 5. Nc3 a6 6. Be2 e6 7. 0-0 Be7 8. f4 Qb6 9. Kh1 Nc6 10. Nb3 Bd7 11. a4 Na5 12. Nd4 Qc7 13. Qd3 Nc6 14. Be3 0-0 15. Bf3 Rfe8 16. g4 Nxd4 17. Qxd4 Bc6 18. g5 Nd7 19. Qd2 b5 20. axb5 axb5 21. Bg2 b4 0-1